Patron saints of nothing / Randy Ribay.
Available copies
- 2 of 2 copies available at LARL/NWRL Consortium. (Show)
- 1 of 1 copy available at Lake Agassiz Regional Library.
Current holds
0 current holds with 2 total copies.
Show Only Available Copies
| Location | Call Number / Copy Notes | Barcode | Shelving Location | Status | Due Date |
|---|---|---|---|---|---|
| Crookston Public Library | Y RIB (Text) | 33500013110473 | Main | Available | - |
Record details
- ISBN: 9780525554912
- ISBN: 0525554912
- ISBN: 9781984814722
- ISBN: 1984814729
- Physical Description: 323 pages ; 22 cm
- Publisher: New York, NY : Kokila, 2019.
Content descriptions
| Bibliography, etc. Note: | Includes bibliographical references. |
| Summary, etc.: | When seventeen-year-old Jay Reguero learns his ... Read More |
Search for related items by subject
| LDR | 02158cam a22005778i 4500 | ||
|---|---|---|---|
| 001 | 322264 | ||
| 003 | LARL_NWRL_CONSORTIUM | ||
| 005 | 20190624205050.0 | ||
| 008 | 181019s2019 nyu d b 000 1 eng | ||
| 010 | . | ‡a 2018044009 | |
| 040 | . | ‡aDLC ‡beng ‡erda ‡cDLC ‡dORX ‡dOCO ‡dTCH ‡dFMG ‡dPLS ‡dSINLB ‡dJTH ‡dOCLCO ‡dOUN ‡dNRG | |
| 019 | . | ‡a1103917991 | |
| 020 | . | ‡a9780525554912 ‡qhardback | |
| 020 | . | ‡a0525554912 ‡qhardback | |
| 020 | . | ‡a9781984814722 ‡qpaperback | |
| 020 | . | ‡a1984814729 ‡qpaperback | |
| 035 | . | ‡a(OCoLC)1054832191 ‡z(OCoLC)1103917991 | |
| 042 | . | ‡apcc ‡alcac | |
| 082 | 0 | 0. | ‡a[Fic] ‡223 |
| 084 | . | ‡aJUV030020 ‡aJUV021000 ‡aJUV013000 ‡2bisacsh | |
| 049 | . | ‡aNRGA | |
| 100 | 1 | . | ‡aRibay, Randy, ‡eauthor. |
| 245 | 1 | 0. | ‡aPatron saints of nothing / ‡cRandy Ribay. |
| 264 | 1. | ‡aNew York, NY : ‡bKokila, ‡c2019. | |
| 300 | . | ‡a323 pages ; ‡c22 cm | |
| 336 | . | ‡atext ‡btxt ‡2rdacontent | |
| 337 | . | ‡aunmediated ‡bn ‡2rdamedia | |
| 338 | . | ‡avolume ‡bnc ‡2rdacarrier | |
| 520 | . | ‡aWhen seventeen-year-old Jay Reguero learns his Filipino cousin and former best friend, Jun, was murdered as part of President Duterte's war on drugs, he flies to the Philippines to learn more. | |
| 504 | . | ‡aIncludes bibliographical references. | |
| 650 | 0. | ‡aMurder ‡vJuvenile fiction. ‡0(LARL_NWRL_CONSORTIUM)173484 | |
| 650 | 0. | ‡aCousins ‡vJuvenile fiction. ‡0(LARL_NWRL_CONSORTIUM)171698 | |
| 650 | 0. | ‡aFamilies ‡zPhilippines ‡vJuvenile fiction. | |
| 650 | 0. | ‡aDrug traffic ‡vJuvenile fiction. | |
| 651 | 0. | ‡aPhilippines ‡vJuvenile fiction. | |
| 650 | 1. | ‡aMurder ‡vFiction. ‡0(LARL_NWRL_CONSORTIUM)165989 | |
| 650 | 1. | ‡aMurder ‡vJuvenile fiction. ‡0(LARL_NWRL_CONSORTIUM)173484 | |
| 650 | 1. | ‡aCousins ‡vFiction. ‡0(LARL_NWRL_CONSORTIUM)164249 | |
| 650 | 1. | ‡aFamily life ‡zPhilippines ‡vFiction. | |
| 650 | 1. | ‡aDrug traffic ‡vFiction. ‡0(LARL_NWRL_CONSORTIUM)164541 | |
| 651 | 1. | ‡aPhilippines ‡vFiction. ‡0(LARL_NWRL_CONSORTIUM)168766 | |
| 650 | 7. | ‡aJUVENILE FICTION / People & Places / Asia. ‡2bisacsh | |
| 650 | 7. | ‡aJUVENILE FICTION / Law & Crime. ‡2bisacsh | |
| 650 | 7. | ‡aJUVENILE FICTION / Family / General (see also headings under Social Issues). ‡2bisacsh | |
| 905 | . | ‡ubacont | |
| 901 | . | ‡a322264 ‡b ‡c322264 ‡tbiblio ‡soclc | |

Add to basket
Permalink
Enable Highlighting